Normal view
MARC view
Entry Personal Name
001 - CONTROL NUMBER
- control field: 49672
003 - CONTROL NUMBER IDENTIFIER
- control field: OSt
005 - DATE AND TIME OF LATEST TRANSACTION
- control field: 20250103123400.0
008 - FIXED-LENGTH DATA ELEMENTS
- fixed length control field: 250103|| aca||aabn | a|a d
040 ## - CATALOGING SOURCE
- Original cataloging agency: OSt
- Transcribing agency: OSt
100 ## - HEADING--PERSONAL NAME
- Personal name: Arya, C. S. and Sole,Nagendra Ambedkar
670 ## - SOURCE DATA FOUND
- Source citation: Work cat.: (OSt): Arya, C. S. and Sole,Nagendra Ambedkar , Context-based good governance approach: A sustainable solution for water crisis
